Unamuno : (Record no. 132419)
[ view plain ]
| 000 -LEADER | |
|---|---|
| campo de control de longitud fija | 00574nam a2200181 i 4500 |
| 001 - NÚMERO DE CONTROL | |
| campo de control | 132419 |
| 003 - IDENTIFICADOR DE NÚMERO DE CONTROL | |
| campo de control | ES-MaACL |
| 005 - FECHA Y HORA DE LA ÚLTIMA TRANSACCIÓN | |
| campo de control | 20230906194156.0 |
| 007 - CAMPO FIJO DE DESCRIPCIÓN FÍSICA--INFORMACIÓN GENERAL | |
| campo de control de longitud fija | t| |
| 008 - DATOS DE LONGITUD FIJA--INFORMACIÓN GENERAL | |
| campo de control de longitud fija | 070214s1941 sp r ||||1| spa d |
| 100 1# - ENTRADA PRINCIPAL--NOMBRE DE PERSONA | |
| Nombre de persona | Romero Flores, H. R. |
| 9 (RLIN) | 99392 |
| 245 10 - MENCIÓN DEL TÍTULO | |
| Título | Unamuno : |
| Resto del título | notas sobre la vida y la obra de un máximo español / |
| Mención de responsabilidad, etc. | H.R. Romero Flores. |
| 260 ## - PUBLICACIÓN, DISTRIBUCIÓN, ETC. | |
| Lugar de publicación, distribución, etc. | Madrid : |
| Nombre del editor, distribuidor, etc. | Hesperia, |
| Fecha de publicación, distribución, etc. | 1941. |
| 300 ## - DESCRIPCIÓN FÍSICA | |
| Extensión | 202 p. : |
| Otras características físicas | 1 retr. ; |
| Dimensiones | 19 cm. |
| 600 14 - PUNTO DE ACCESO ADICIONAL DE MATERIA--NOMBRE DE PERSONA | |
| Nombre de persona | Unamuno, Miguel de, |
| Fechas asociadas al nombre | 1864-1936- |
| Subdivisión general | Biografías |
| 9 (RLIN) | 172375 |
| 852 ## - LOCALIZACIÓN | |
| Ubicación | ES-MaACL |
| Número de control de estantería | F-14744 |
| Estatus retirado | Estado de pérdida | Estado de daño | No para préstamo | Biblioteca de origen | Biblioteca actual | Ubicación en estantería | Fecha de adquisición | Fuente de adquisición | Total de préstamos | Signatura topográfica completa | Código de barras | Visto por última vez | Precio de reemplazo | Tipo de ítem Koha |
|---|---|---|---|---|---|---|---|---|---|---|---|---|---|---|
| Biblioteca del Ateneo de Madrid | Biblioteca del Ateneo de Madrid | Sala Pecera Planta 2 | 17/01/2008 | F-14744 | 1137864 | 23/02/2023 | 23/02/2023 | Libro impreso |
